000
00267nam a2200109Ia 4500
005
20251222152714.0
008
251222s9999||||xx |||||||||||||| ||spa||
082
_a
465/V39
100
_a
Velásquez Ch., Héctor
245
0
_a
Redacción y Comunicación I:
942
_c
LIB
999
_c
29322
_d
29322